[Event "Open"]
[Site "Maastricht, NL"]
[Date "2025.06.07"]
[Round "3"]
[White "De Jong, Lode"]
[Black "Kueppers, Timo"]
[Result "0-1"]
[Board "8"]
[WhiteFideId "40101860"]
[BlackFideId "16205820"]
[BlackTitle "FM"]
[WhiteElo "2108"]
[BlackElo "2295"]
[WhiteTeam "NED"]
[BlackTeam "GER"]
[WhiteClock "0:01:13"]
[BlackClock "0:05:44"]
[Variant "Standard"]

1. e4 {[%clk 1:30:58]}  c5 {[%clk 1:30:27]} 2. Nf3 {[%clk 1:31:23]}  Nc6 {[%clk 1:30:35]} 3. Bb5 {[%clk 1:31:37]}  g6 {[%clk 1:30:46]} 4. O-O {[%clk 1:32:00]}  Bg7 {[%clk 1:31:08]} 5. c3 {[%clk 1:32:23]}  e5 {[%clk 1:28:42]} 6. d4 {[%clk 1:27:10]}  exd4 {[%clk 1:26:16]} 7. cxd4 {[%clk 1:25:25]}  cxd4 {[%clk 1:24:08]} 8. Bf4 {[%clk 1:22:19]}  Nge7 {[%clk 1:20:14]} 9. Bd6 {[%clk 1:21:04]}  O-O {[%clk 1:19:39]} 10. Re1 {[%clk 1:12:13]}  a6 {[%clk 1:13:24]} 11. Bc4 {[%clk 1:00:13]}  h6 {[%clk 0:39:48]} 12. e5 {[%clk 0:46:57]}  b5 {[%clk 0:36:48]} 13. Bb3 {[%clk 0:40:44]}  Bb7 {[%clk 0:30:05]} 14. Nbd2 {[%clk 0:39:34]}  Re8 {[%clk 0:21:56]} 15. Bc5 {[%clk 0:30:03]}  Nf5 {[%clk 0:18:56]} 16. Ne4 {[%clk 0:11:10]}  Nxe5 {[%clk 0:15:57]} 17. Nxd4 {[%clk 0:10:40]}  Nxd4 {[%clk 0:12:38]} 18. Bxd4 {[%clk 0:10:53]}  d5 {[%clk 0:10:19]} 19. Nc5 {[%clk 0:08:00]}  Bc6 {[%clk 0:10:40]} 20. Kh1 {[%clk 0:07:28]}  Qh4 {[%clk 0:09:24]} 21. g3 {[%clk 0:06:51]}  Qh3 {[%clk 0:08:47]} 22. Bxe5 {[%clk 0:06:18]}  d4+ {[%clk 0:08:17]} 23. f3 {[%clk 0:06:02]}  Bxe5 {[%clk 0:07:08]} 24. Kg1 {[%clk 0:06:07]}  Bxg3 {[%clk 0:05:32]} 25. hxg3 {[%clk 0:00:59]}  Qxg3+ {[%clk 0:05:49]} 26. Kf1 {[%clk 0:01:23]}  Bxf3 {[%clk 0:05:21]} 27. Qd2 {[%clk 0:01:13]}  Qh3+ {[%clk 0:05:44]} 0-1

[Event "Open"]
[Site "Maastricht, NL"]
[Date "2025.06.07"]
[Round "3"]
[White "Lishoy Gengis Paratazham, Dildarav"]
[Black "Offringa, Joost"]
[Result "1/2-1/2"]
[Board "9"]
[WhiteFideId "491462"]
[BlackFideId "1025880"]
[WhiteElo "2084"]
[BlackElo "2266"]
[WhiteTeam "ENG"]
[BlackTeam "NED"]
[WhiteClock "0:33:00"]
[BlackClock "0:21:19"]
[Variant "Standard"]

1. e4 {[%clk 1:30:58]}  c5 {[%clk 1:30:54]} 2. d3 {[%clk 1:31:23]}  Nc6 {[%clk 1:30:50]} 3. g3 {[%clk 1:31:52]}  g6 {[%clk 1:26:12]} 4. Bg2 {[%clk 1:32:20]}  Bg7 {[%clk 1:26:34]} 5. f4 {[%clk 1:32:47]}  d6 {[%clk 1:24:15]} 6. Nf3 {[%clk 1:33:15]}  e5 {[%clk 1:24:08]} 7. c3 {[%clk 1:28:49]}  Nge7 {[%clk 1:24:10]} 8. O-O {[%clk 1:28:52]}  O-O {[%clk 1:23:53]} 9. Be3 {[%clk 1:26:11]}  b6 {[%clk 1:19:57]} 10. Na3 {[%clk 1:22:31]}  h6 {[%clk 1:10:24]} 11. Qd2 {[%clk 1:18:08]}  exf4 {[%clk 1:03:58]} 12. gxf4 {[%clk 1:07:46]}  d5 {[%clk 0:57:01]} 13. Rad1 {[%clk 1:01:14]}  Ba6 {[%clk 0:52:36]} 14. Rfe1 {[%clk 0:59:07]}  Kh7 {[%clk 0:49:47]} 15. Bf2 {[%clk 0:54:31]}  Qd7 {[%clk 0:44:30]} 16. exd5 {[%clk 0:50:03]}  Nxd5 {[%clk 0:44:24]} 17. d4 {[%clk 0:47:29]}  Qg4 {[%clk 0:21:25]} 18. h3 {[%clk 0:39:07]}  Qxf4 {[%clk 0:21:50]} 19. dxc5 {[%clk 0:38:45]}  Rad8 {[%clk 0:21:19]} 20. cxb6 {[%clk 0:33:00]} 1/2-1/2

[Event "Open"]
[Site "Maastricht, NL"]
[Date "2025.06.07"]
[Round "3"]
[White "Van Doren, Bas"]
[Black "Boeren, Jurriaan"]
[Result "1-0"]
[Board "10"]
[WhiteFideId "1048503"]
[BlackFideId "1067478"]
[WhiteElo "2162"]
[BlackElo "2083"]
[WhiteTeam "NED"]
[BlackTeam "NED"]
[WhiteClock "0:27:41"]
[BlackClock "0:02:20"]
[Variant "Standard"]

1. Nf3 {[%clk 1:30:51]}  Nf6 {[%clk 1:30:30]} 2. g3 {[%clk 1:31:08]}  b6 {[%clk 1:30:47]} 3. Bg2 {[%clk 1:31:02]}  Bb7 {[%clk 1:31:12]} 4. d4 {[%clk 1:29:12]}  e6 {[%clk 1:31:29]} 5. O-O {[%clk 1:28:53]}  Be7 {[%clk 1:31:40]} 6. b3 {[%clk 1:26:21]}  O-O {[%clk 1:31:10]} 7. Bb2 {[%clk 1:26:31]}  d5 {[%clk 1:28:01]} 8. Ne5 {[%clk 1:24:21]}  c5 {[%clk 1:24:08]} 9. Nd2 {[%clk 1:21:51]}  Nbd7 {[%clk 1:19:20]} 10. c4 {[%clk 1:19:13]}  cxd4 {[%clk 1:04:11]} 11. Bxd4 {[%clk 1:14:53]}  Qc7 {[%clk 0:58:28]} 12. Nxd7 {[%clk 1:13:00]}  Qxd7 {[%clk 0:58:24]} 13. e3 {[%clk 1:08:52]}  Rac8 {[%clk 0:53:25]} 14. a4 {[%clk 1:05:06]}  dxc4 {[%clk 0:48:34]} 15. Nxc4 {[%clk 1:04:53]}  Bxg2 {[%clk 0:47:49]} 16. Kxg2 {[%clk 1:05:04]}  Rfd8 {[%clk 0:45:16]} 17. Qf3 {[%clk 1:04:19]}  Qd5 {[%clk 0:39:20]} 18. Rfd1 {[%clk 0:54:21]}  h5 {[%clk 0:38:12]} 19. a5 {[%clk 0:50:46]}  b5 {[%clk 0:34:14]} 20. Ne5 {[%clk 0:50:18]}  a6 {[%clk 0:28:28]} 21. h4 {[%clk 0:40:14]}  Ng4 {[%clk 0:12:39]} 22. Qxd5 {[%clk 0:33:44]}  Rxd5 {[%clk 0:11:38]} 23. Nxg4 {[%clk 0:33:37]}  hxg4 {[%clk 0:12:07]} 24. Rdc1 {[%clk 0:33:56]}  Rxc1 {[%clk 0:07:21]} 25. Rxc1 {[%clk 0:34:24]}  b4 {[%clk 0:05:54]} 26. Rc8+ {[%clk 0:34:03]}  Kh7 {[%clk 0:03:45]} 27. Rc7 {[%clk 0:32:05]}  Bf6 {[%clk 0:00:40]} 28. Bxf6 {[%clk 0:29:54]}  gxf6 {[%clk 0:01:09]} 29. Rxf7+ {[%clk 0:30:03]}  Kg6 {[%clk 0:01:35]} 30. Rb7 {[%clk 0:29:56]}  Rxa5 {[%clk 0:02:02]} 31. Rxb4 {[%clk 0:30:16]}  Ra1 {[%clk 0:02:16]} 32. Rxg4+ {[%clk 0:30:22]}  Kf5 {[%clk 0:01:57]} 33. Ra4 {[%clk 0:30:17]}  Rb1 {[%clk 0:02:20]} 34. g4+ {[%clk 0:27:41]} 1-0

[Event "Open"]
[Site "Maastricht, NL"]
[Date "2025.06.07"]
[Round "3"]
[White "Coenen, Eduard"]
[Black "Dann, Matthias"]
[Result "0-1"]
[Board "11"]
[WhiteFideId "1014390"]
[BlackFideId "24638056"]
[BlackTitle "IM"]
[WhiteElo "2157"]
[BlackElo "2446"]
[WhiteTeam "NED"]
[BlackTeam "GER"]
[WhiteClock "0:01:48"]
[BlackClock "0:24:16"]
[Variant "Standard"]

1. d4 {[%clk 1:26:25]}  Nf6 {[%clk 1:30:54]} 2. Nf3 {[%clk 1:25:50]}  e6 {[%clk 1:31:15]} 3. c3 {[%clk 1:26:01]}  c5 {[%clk 1:30:59]} 4. Bg5 {[%clk 1:25:00]}  d5 {[%clk 1:28:46]} 5. e3 {[%clk 1:24:44]}  Bd6 {[%clk 1:28:06]} 6. Nbd2 {[%clk 1:19:18]}  h6 {[%clk 1:24:30]} 7. Bh4 {[%clk 1:18:39]}  Nbd7 {[%clk 1:20:31]} 8. Bg3 {[%clk 1:14:01]}  Qc7 {[%clk 1:18:49]} 9. c4 {[%clk 1:07:47]}  O-O {[%clk 1:16:43]} 10. Be2 {[%clk 1:06:06]}  Bxg3 {[%clk 1:11:35]} 11. hxg3 {[%clk 1:06:27]}  dxc4 {[%clk 1:12:01]} 12. Bxc4 {[%clk 1:02:15]}  e5 {[%clk 1:10:50]} 13. dxc5 {[%clk 0:59:11]}  e4 {[%clk 1:08:38]} 14. Nd4 {[%clk 0:56:01]}  Qxc5 {[%clk 1:08:36]} 15. Qc2 {[%clk 0:52:51]}  Qe5 {[%clk 1:08:00]} 16. Rh4 {[%clk 0:44:58]}  Re8 {[%clk 1:06:58]} 17. Nb5 {[%clk 0:36:34]}  Nc5 {[%clk 1:03:42]} 18. Qc3 {[%clk 0:35:04]}  Qe7 {[%clk 0:53:28]} 19. b4 {[%clk 0:28:06]}  Na6 {[%clk 0:47:45]} 20. a3 {[%clk 0:22:57]}  Bd7 {[%clk 0:47:55]} 21. Qb3 {[%clk 0:21:40]}  Bxb5 {[%clk 0:46:13]} 22. Bxb5 {[%clk 0:22:02]}  Red8 {[%clk 0:46:34]} 23. Bxa6 {[%clk 0:17:26]}  bxa6 {[%clk 0:46:27]} 24. Rc1 {[%clk 0:17:29]}  Rac8 {[%clk 0:42:41]} 25. Rc4 {[%clk 0:16:33]}  Rxc4 {[%clk 0:39:20]} 26. Qxc4 {[%clk 0:16:24]}  Qe5 {[%clk 0:38:28]} 27. Qc2 {[%clk 0:13:37]}  Re8 {[%clk 0:37:28]} 28. Ke2 {[%clk 0:13:04]}  Qf5 {[%clk 0:25:28]} 29. Qc5 {[%clk 0:10:03]}  Re5 {[%clk 0:24:19]} 30. Qxa7 {[%clk 0:09:26]}  Ng4 {[%clk 0:24:17]} 31. f3 {[%clk 0:04:47]}  exf3+ {[%clk 0:24:42]} 32. gxf3 {[%clk 0:04:45]}  Rxe3+ {[%clk 0:24:57]} 33. Qxe3 {[%clk 0:03:49]}  Nxe3 {[%clk 0:25:24]} 34. Kxe3 {[%clk 0:04:10]}  Qe5+ {[%clk 0:25:42]} 35. Kd3 {[%clk 0:02:21]}  Qxg3 {[%clk 0:25:44]} 36. Rc4 {[%clk 0:02:39]}  h5 {[%clk 0:25:43]} 37. a4 {[%clk 0:02:58]}  h4 {[%clk 0:25:44]} 38. b5 {[%clk 0:03:23]}  axb5 {[%clk 0:26:07]} 39. axb5 {[%clk 0:03:51]}  h3 {[%clk 0:26:28]} 40. Ne4 {[%clk 0:02:55]}  Qxf3+ {[%clk 0:26:13]} 41. Kd4 {[%clk 0:03:23]}  Qd1+ {[%clk 0:25:58]} 42. Ke3 {[%clk 0:02:01]}  h2 {[%clk 0:25:58]} 43. b6 {[%clk 0:01:48]}  Qb3+ {[%clk 0:24:16]} 0-1

[Event "Open"]
[Site "Maastricht, NL"]
[Date "2025.06.07"]
[Round "3"]
[White "Schilstra, Laurens"]
[Black "Kurt, Sascha"]
[Result "1/2-1/2"]
[Board "12"]
[WhiteFideId "1043218"]
[BlackFideId "1082647"]
[BlackTitle "FM"]
[WhiteElo "2148"]
[BlackElo "2312"]
[WhiteTeam "NED"]
[BlackTeam "NED"]
[WhiteClock "0:14:40"]
[BlackClock "0:09:20"]
[Variant "Standard"]

1. e4 {[%clk 1:30:56]}  c5 {[%clk 1:29:40]} 2. Nf3 {[%clk 1:30:35]}  d6 {[%clk 1:29:48]} 3. d4 {[%clk 1:30:58]}  cxd4 {[%clk 1:29:39]} 4. Nxd4 {[%clk 1:31:21]}  Nf6 {[%clk 1:30:05]} 5. Nc3 {[%clk 1:31:47]}  a6 {[%clk 1:30:04]} 6. g3 {[%clk 1:32:04]}  e5 {[%clk 1:29:43]} 7. Nb3 {[%clk 1:31:41]}  Be7 {[%clk 1:28:51]} 8. Bg2 {[%clk 1:32:07]}  O-O {[%clk 1:28:53]} 9. O-O {[%clk 1:32:32]}  b5 {[%clk 1:26:50]} 10. Bg5 {[%clk 1:27:53]}  Nbd7 {[%clk 1:19:17]} 11. Bxf6 {[%clk 1:27:11]}  Nxf6 {[%clk 1:19:38]} 12. Nd5 {[%clk 1:27:29]}  Nxd5 {[%clk 1:19:49]} 13. Qxd5 {[%clk 1:27:53]}  Be6 {[%clk 1:20:07]} 14. Qd2 {[%clk 1:26:14]}  a5 {[%clk 1:13:25]} 15. Rfd1 {[%clk 1:24:40]}  Qb6 {[%clk 1:04:50]} 16. Qe2 {[%clk 1:11:11]}  Rfc8 {[%clk 0:57:07]} 17. Bf1 {[%clk 1:05:40]}  Bc4 {[%clk 0:43:53]} 18. Qd2 {[%clk 1:03:35]}  Bxf1 {[%clk 0:40:07]} 19. Kxf1 {[%clk 1:03:31]}  a4 {[%clk 0:40:25]} 20. Nc1 {[%clk 1:03:45]}  Qc6 {[%clk 0:40:16]} 21. Ne2 {[%clk 0:56:31]}  Qxe4 {[%clk 0:37:06]} 22. Nc3 {[%clk 0:56:00]}  Qh1+ {[%clk 0:34:11]} 23. Ke2 {[%clk 0:55:59]}  Qc6 {[%clk 0:34:09]} 24. Nd5 {[%clk 0:54:58]}  Bd8 {[%clk 0:30:05]} 25. c3 {[%clk 0:54:56]}  Qc4+ {[%clk 0:24:46]} 26. Kf3 {[%clk 0:53:13]}  h5 {[%clk 0:18:58]} 27. h4 {[%clk 0:52:30]}  Ra7 {[%clk 0:16:09]} 28. a3 {[%clk 0:52:20]}  Rd7 {[%clk 0:13:58]} 29. Kg2 {[%clk 0:47:05]}  Rc5 {[%clk 0:11:56]} 30. Kg1 {[%clk 0:43:03]}  Qg4 {[%clk 0:11:24]} 31. Kf1 {[%clk 0:39:02]}  Qh3+ {[%clk 0:11:18]} 32. Ke2 {[%clk 0:39:07]}  Qe6 {[%clk 0:11:18]} 33. Kf1 {[%clk 0:38:24]}  f5 {[%clk 0:10:41]} 34. Qd3 {[%clk 0:37:26]}  Kh7 {[%clk 0:09:34]} 35. Rac1 {[%clk 0:37:49]}  Bf6 {[%clk 0:09:18]} 36. Rc2 {[%clk 0:37:34]}  g6 {[%clk 0:09:29]} 37. Rcd2 {[%clk 0:37:54]}  Bg7 {[%clk 0:09:24]} 38. Re2 {[%clk 0:37:33]}  Qf7 {[%clk 0:09:01]} 39. Kg1 {[%clk 0:36:34]}  Rd8 {[%clk 0:09:00]} 40. Ree1 {[%clk 0:36:18]}  Qd7 {[%clk 0:06:40]} 41. Kg2 {[%clk 0:35:12]}  Qb7 {[%clk 0:06:30]} 42. Kg1 {[%clk 0:35:38]}  Re8 {[%clk 0:05:50]} 43. Ne3 {[%clk 0:34:37]}  f4 {[%clk 0:04:55]} 44. Nd5 {[%clk 0:31:19]}  fxg3 {[%clk 0:04:39]} 45. fxg3 {[%clk 0:31:40]}  Rf8 {[%clk 0:04:58]} 46. Qe4 {[%clk 0:30:19]}  Qd7 {[%clk 0:04:47]} 47. Ne3 {[%clk 0:29:09]}  Qe6 {[%clk 0:04:33]} 48. Kg2 {[%clk 0:29:04]}  Bh6 {[%clk 0:04:10]} 49. Nd5 {[%clk 0:25:12]}  Rf5 {[%clk 0:03:58]} 50. Re2 {[%clk 0:25:38]}  Rc4 {[%clk 0:03:10]} 51. Rd4 {[%clk 0:24:49]}  Rxd4 {[%clk 0:03:21]} 52. cxd4 {[%clk 0:25:13]}  Bg7 {[%clk 0:03:34]} 53. Rc2 {[%clk 0:20:39]}  Rf7 {[%clk 0:02:57]} 54. Rc6 {[%clk 0:18:01]}  Qf5 {[%clk 0:02:46]} 55. Qxf5 {[%clk 0:18:15]}  Rxf5 {[%clk 0:03:14]} 56. Rxd6 {[%clk 0:17:50]}  exd4 {[%clk 0:03:33]} 57. Nf4 {[%clk 0:17:59]}  Rc5 {[%clk 0:03:23]} 58. Rxg6 {[%clk 0:15:29]}  Rc2+ {[%clk 0:03:45]} 59. Kf3 {[%clk 0:15:53]}  Rxb2 {[%clk 0:04:06]} 60. Rg5 {[%clk 0:16:07]}  Rb3+ {[%clk 0:04:20]} 61. Ke2 {[%clk 0:16:10]}  Re3+ {[%clk 0:03:32]} 62. Kd2 {[%clk 0:15:52]}  Re5 {[%clk 0:03:33]} 63. Rg6 {[%clk 0:11:41]}  Bh6 {[%clk 0:03:34]} 64. Rd6 {[%clk 0:09:59]}  Bxf4+ {[%clk 0:03:28]} 65. gxf4 {[%clk 0:10:23]}  Re4 {[%clk 0:03:12]} 66. Rd5 {[%clk 0:10:20]}  Kg6 {[%clk 0:02:29]} 67. Rg5+ {[%clk 0:10:26]}  Kh6 {[%clk 0:02:44]} 68. Rf5 {[%clk 0:10:53]}  Re3 {[%clk 0:02:32]} 69. Rxb5 {[%clk 0:11:15]}  Rxa3 {[%clk 0:02:58]} 70. Rb6+ {[%clk 0:10:45]}  Kg7 {[%clk 0:03:24]} 71. Rb4 {[%clk 0:09:37]}  d3 {[%clk 0:02:30]} 72. Rb5 {[%clk 0:08:49]}  Kg6 {[%clk 0:02:52]} 73. Rg5+ {[%clk 0:06:47]}  Kh6 {[%clk 0:03:13]} 74. Ra5 {[%clk 0:06:26]}  Kg6 {[%clk 0:00:45]} 75. Rg5+ {[%clk 0:06:51]}  Kh6 {[%clk 0:01:12]} 76. Ra5 {[%clk 0:07:14]}  Rb3 {[%clk 0:01:16]} 77. Rxa4 {[%clk 0:06:57]}  Kg6 {[%clk 0:01:45]} 78. Ra5 {[%clk 0:07:13]}  Rb4 {[%clk 0:02:08]} 79. Ke3 {[%clk 0:06:34]}  d2 {[%clk 0:01:48]} 80. Rd5 {[%clk 0:06:54]}  Rb5 {[%clk 0:01:01]} 81. Rxd2 {[%clk 0:07:07]}  Kf5 {[%clk 0:01:26]} 82. Kf3 {[%clk 0:06:39]}  Rb3+ {[%clk 0:01:52]} 83. Kg2 {[%clk 0:06:52]}  Rb4 {[%clk 0:01:23]} 84. Kg3 {[%clk 0:07:05]}  Rb3+ {[%clk 0:01:43]} 85. Kg2 {[%clk 0:07:23]}  Kg4 {[%clk 0:02:06]} 86. f5 {[%clk 0:07:42]}  Kxh4 {[%clk 0:02:09]} 87. Rd4+ {[%clk 0:07:45]}  Kg5 {[%clk 0:02:35]} 88. f6 {[%clk 0:07:59]}  Rb2+ {[%clk 0:02:26]} 89. Kh3 {[%clk 0:08:12]}  Rf2 {[%clk 0:02:48]} 90. Rd5+ {[%clk 0:08:18]}  Kg6 {[%clk 0:03:11]} 91. Ra5 {[%clk 0:08:40]}  Rxf6 {[%clk 0:03:38]} 92. Rb5 {[%clk 0:09:06]}  Rf3+ {[%clk 0:03:53]} 93. Kg2 {[%clk 0:09:30]}  Rf4 {[%clk 0:04:17]} 94. Kg3 {[%clk 0:09:57]}  Rg4+ {[%clk 0:04:43]} 95. Kh3 {[%clk 0:10:23]}  Rf4 {[%clk 0:04:54]} 96. Ra5 {[%clk 0:10:46]}  Rf5 {[%clk 0:05:20]} 97. Rxf5 {[%clk 0:11:12]}  Kxf5 {[%clk 0:05:47]} 98. Kh4 {[%clk 0:11:39]}  Kg6 {[%clk 0:06:16]} 99. Kg3 {[%clk 0:12:04]}  Kg5 {[%clk 0:06:43]} 100. Kh3 {[%clk 0:12:30]}  h4 {[%clk 0:07:11]} 101. Kh2 {[%clk 0:12:55]}  Kg4 {[%clk 0:07:37]} 102. Kg2 {[%clk 0:13:22]}  h3+ {[%clk 0:08:04]} 103. Kh2 {[%clk 0:13:48]}  Kh4 {[%clk 0:08:31]} 104. Kg1 {[%clk 0:14:13]}  Kg3 {[%clk 0:08:56]} 105. Kh1 {[%clk 0:14:40]}  h2 {[%clk 0:09:20]} 1/2-1/2

[Event "Open"]
[Site "Maastricht, NL"]
[Date "2025.06.08"]
[Round "4"]
[White "Bok, Benjamin"]
[Black "Laurent-Paoli, Pierre"]
[Result "1/2-1/2"]
[Board "1"]
[WhiteFideId "1017063"]
[BlackFideId "26017962"]
[WhiteTitle "GM"]
[BlackTitle "GM"]
[WhiteElo "2582"]
[BlackElo "2545"]
[WhiteTeam "NED"]
[BlackTeam "FRA"]
[WhiteClock "0:37:19"]
[BlackClock "0:45:25"]
[Variant "Standard"]

1. Nf3 {[%clk 1:29:09]}  d5 {[%clk 1:24:23]} 2. g3 {[%clk 1:29:33]}  Nf6 {[%clk 1:23:58]} 3. Bg2 {[%clk 1:29:57]}  e6 {[%clk 1:24:20]} 4. O-O {[%clk 1:30:06]}  Be7 {[%clk 1:24:44]} 5. c4 {[%clk 1:30:24]}  O-O {[%clk 1:25:02]} 6. d4 {[%clk 1:30:48]}  c6 {[%clk 1:21:10]} 7. Nc3 {[%clk 1:27:41]}  a5 {[%clk 1:20:29]} 8. b3 {[%clk 1:26:58]}  b6 {[%clk 1:15:33]} 9. Re1 {[%clk 1:27:04]}  Nbd7 {[%clk 1:13:05]} 10. Nd2 {[%clk 1:13:39]}  b5 {[%clk 0:47:35]} 11. e4 {[%clk 0:46:12]}  dxc4 {[%clk 0:47:35]} 12. bxc4 {[%clk 0:46:33]}  bxc4 {[%clk 0:45:42]} 13. Nxc4 {[%clk 0:43:16]}  Ba6 {[%clk 0:45:25]} 14. Bf1 {[%clk 0:37:19]} 1/2-1/2

[Event "Open"]
[Site "Maastricht, NL"]
[Date "2025.06.08"]
[Round "4"]
[White "Degraeve, Remy"]
[Black "Warmerdam, Max"]
[Result "0-1"]
[Board "2"]
[WhiteFideId "26024560"]
[BlackFideId "1048104"]
[WhiteTitle "IM"]
[BlackTitle "GM"]
[WhiteElo "2425"]
[BlackElo "2613"]
[WhiteTeam "FRA"]
[BlackTeam "NED"]
[WhiteClock "0:02:10"]
[BlackClock "0:05:11"]
[Variant "Standard"]

1. e4 {[%clk 1:25:24]}  c5 {[%clk 1:30:55]} 2. Nf3 {[%clk 1:25:49]}  d6 {[%clk 1:31:21]} 3. d4 {[%clk 1:26:16]}  cxd4 {[%clk 1:31:46]} 4. Nxd4 {[%clk 1:26:43]}  Nf6 {[%clk 1:32:09]} 5. Nc3 {[%clk 1:27:10]}  Nc6 {[%clk 1:32:34]} 6. Bg5 {[%clk 1:27:33]}  e6 {[%clk 1:32:59]} 7. Qd2 {[%clk 1:27:58]}  a6 {[%clk 1:33:25]} 8. Nxc6 {[%clk 1:28:10]}  bxc6 {[%clk 1:33:49]} 9. O-O-O {[%clk 1:28:34]}  Be7 {[%clk 1:34:13]} 10. Bxf6 {[%clk 1:28:59]}  gxf6 {[%clk 1:34:40]} 11. Bc4 {[%clk 1:29:20]}  Bb7 {[%clk 1:33:24]} 12. Bb3 {[%clk 1:29:25]}  Qa5 {[%clk 1:33:19]} 13. f4 {[%clk 1:29:38]}  f5 {[%clk 1:24:33]} 14. Qd4 {[%clk 1:23:36]}  O-O-O {[%clk 0:46:01]} 15. Qg7 {[%clk 1:23:24]}  fxe4 {[%clk 0:46:10]} 16. Qxf7 {[%clk 1:21:41]}  Qc7 {[%clk 0:46:35]} 17. Qxe6+ {[%clk 1:18:11]}  Kb8 {[%clk 0:46:59]} 18. Qxe4 {[%clk 1:18:10]}  d5 {[%clk 0:47:24]} 19. Qf3 {[%clk 1:17:10]}  d4 {[%clk 0:42:48]} 20. Ne4 {[%clk 1:04:53]}  c5 {[%clk 0:43:12]} 21. Bc4 {[%clk 1:05:21]}  Bd6 {[%clk 0:43:19]} 22. Rhf1 {[%clk 0:51:13]}  Rhf8 {[%clk 0:38:43]} 23. f5 {[%clk 0:50:53]}  Bxh2 {[%clk 0:21:38]} 24. Qg4 {[%clk 0:43:42]}  h5 {[%clk 0:11:28]} 25. Qh4 {[%clk 0:44:08]}  Be5 {[%clk 0:09:57]} 26. Ng5 {[%clk 0:41:17]}  Bf6 {[%clk 0:04:15]} 27. Qxh5 {[%clk 0:41:04]}  d3 {[%clk 0:03:51]} 28. cxd3 {[%clk 0:30:11]}  Rh8 {[%clk 0:03:52]} 29. Qg6 {[%clk 0:30:11]}  Qb6 {[%clk 0:03:04]} 30. d4 {[%clk 0:24:40]}  Rxd4 {[%clk 0:03:05]} 31. Rxd4 {[%clk 0:24:41]}  cxd4 {[%clk 0:03:33]} 32. Bd3 {[%clk 0:12:47]}  Bd5 {[%clk 0:01:22]} 33. Ne6 {[%clk 0:06:10]}  Rc8+ {[%clk 0:01:48]} 34. Kb1 {[%clk 0:06:06]}  Qa5 {[%clk 0:02:14]} 35. a3 {[%clk 0:06:16]}  Qd2 {[%clk 0:01:16]} 36. Qg3+ {[%clk 0:05:57]}  Ka7 {[%clk 0:01:19]} 37. Nf4 {[%clk 0:02:22]}  Be5 {[%clk 0:01:34]} 38. Qf2 {[%clk 0:02:05]}  Rc1+ {[%clk 0:01:47]} 39. Rxc1 {[%clk 0:02:32]}  Qxf2 {[%clk 0:02:13]} 40. Nxd5 {[%clk 0:02:58]}  a5 {[%clk 0:01:14]} 41. Ne7 {[%clk 0:02:11]}  Bf4 {[%clk 0:01:04]} 42. Rd1 {[%clk 0:00:41]}  Qxg2 {[%clk 0:01:24]} 43. Ng6 {[%clk 0:00:38]}  Bg5 {[%clk 0:01:12]} 44. Bc2 {[%clk 0:00:52]}  Qd5 {[%clk 0:01:14]} 45. Bd3 {[%clk 0:00:44]}  Kb6 {[%clk 0:01:14]} 46. Rf1 {[%clk 0:00:39]}  Qb3 {[%clk 0:01:19]} 47. Ne5 {[%clk 0:00:43]}  Bf6 {[%clk 0:00:58]} 48. Bc4 {[%clk 0:01:00]}  Qa4 {[%clk 0:01:27]} 49. b3 {[%clk 0:00:59]}  Qe8 {[%clk 0:01:56]} 50. Nd3 {[%clk 0:01:19]}  Qe4 {[%clk 0:01:15]} 51. Rf2 {[%clk 0:01:38]}  a4 {[%clk 0:00:56]} 52. Kc2 {[%clk 0:01:57]}  axb3+ {[%clk 0:01:16]} 53. Kxb3 {[%clk 0:02:23]}  Ka5 {[%clk 0:01:20]} 54. Rf1 {[%clk 0:02:17]}  Qe2 {[%clk 0:00:59]} 55. Re1 {[%clk 0:02:26]}  Qd2 {[%clk 0:01:28]} 56. Rc1 {[%clk 0:02:24]}  Be7 {[%clk 0:01:47]} 57. Rc2 {[%clk 0:02:20]}  Qd1 {[%clk 0:02:10]} 58. Nc1 {[%clk 0:00:57]}  Qf3+ {[%clk 0:01:41]} 59. Bd3 {[%clk 0:01:24]}  Bg5 {[%clk 0:01:52]} 60. Kc4 {[%clk 0:00:32]}  Bxc1 {[%clk 0:02:15]} 61. Kxd4 {[%clk 0:00:50]}  Qf4+ {[%clk 0:01:41]} 62. Be4 {[%clk 0:00:55]}  Bxa3 {[%clk 0:01:49]} 63. Rc6 {[%clk 0:00:35]}  Bb2+ {[%clk 0:02:00]} 64. Kd3 {[%clk 0:00:59]}  Be5 {[%clk 0:02:15]} 65. Rc2 {[%clk 0:01:06]}  Qg3+ {[%clk 0:02:36]} 66. Ke2 {[%clk 0:00:45]}  Bd4 {[%clk 0:02:57]} 67. Ra2+ {[%clk 0:00:32]}  Kb4 {[%clk 0:03:16]} 68. Bd5 {[%clk 0:00:31]}  Qf2+ {[%clk 0:03:31]} 69. Kd3 {[%clk 0:00:59]}  Qe3+ {[%clk 0:03:53]} 70. Kc2 {[%clk 0:01:26]}  Qe2+ {[%clk 0:04:18]} 71. Kc1 {[%clk 0:01:43]}  Be3+ {[%clk 0:04:44]} 72. Kb1 {[%clk 0:02:10]}  Qd1+ {[%clk 0:05:11]} 0-1